| 000 | 00617cam a2200217 4500 | ||
|---|---|---|---|
| 001 | ABS61999 | ||
| 008 | 000000n2000 000 0 eng u | ||
| 035 | _a(Sirsi) u104463 | ||
| 100 | _aTutcher, S. | ||
| 245 | _aPenalties for big properties | ||
| 260 | _c2000 | ||
| 490 |
_aProperty Week _v65(7) 18 February 2000 88(1) |
||
| 520 | _aExplains the transitional capping arrangements for the next revaluation. | ||
| 590 | _aABS | ||
| 650 | _aUNIFORM BUSINESS RATE | ||
| 650 | _aRATING REVALUATION 2000 | ||
| 650 | _aBUSINESS RATES | ||
| 690 | _aRATING AND LOCAL TAXATION | ||
| 700 | _aEve, G. | ||
| 942 | _n0 | ||
| 999 |
_c62668 _d62668 |
||